লোডিং...

Maiyadas ki madi: novel

গ্রন্থ-পঞ্জীর বিবরন
প্রধান লেখক: Sahni, Bhishma
বিন্যাস: Printed Book
ভাষা:English
প্রকাশিত: New Delhi Rajkamal Prakashan Pvt. Ltd. 1995
বিষয়গুলি:
LEADER 00543nam a2200181 a 4500
005 20151026131848.0
008 960221s1955 dcuabcdjdbkoqu001 0deng d
003 ViArRB
020 |a 81-7178-028-8 
100 |a Sahni, Bhishma  |9 8305 
245 |a Maiyadas ki madi: novel 
260 |a New Delhi  |b Rajkamal Prakashan Pvt. Ltd.  |c 1995 
300 |a 334p. 
500 |a   
653 |a Fiction - Hindi Literature 
942 |c BK  |6 _ 
999 |c 36724  |d 36724 
952 |0 0  |1 0  |4 0  |6 FH_SAHMA  |7 0  |9 48464  |a UL  |b UL  |d 2010-06-16  |o FH SAH/MA  |p 00044829  |r 2010-06-16  |w 2010-06-16  |y BK